The role of terrestrial and aquatic organisms in decomposition processes
Uloženo v:
| Hlavní autor: | |
|---|---|
| Další autoři: | |
| Médium: | Kniha |
| Jazyk: | angličtina |
| Vydáno: |
Oxford
Blackwell Scientific
1976
|
| Témata: | |
| Tagy: |
Přidat tag
Žádné tagy, Buďte první, kdo vytvoří štítek k tomuto záznamu!
|
MARC
| LEADER | 00000nam a2200000 a 4500 | ||
|---|---|---|---|
| 001 | UCU2984 | ||
| 003 | CL-VaPUC | ||
| 005 | 20240910114337.0 | ||
| 008 | 960502e19760000uk 1 eng d | ||
| 082 | 0 | 4 | |a 577 |b AND |2 21 |
| 100 | 1 | |a Anderson, J. M |e author |9 617684 | |
| 700 | |a Macfadyen, Amyan |e autor |9 617685 | ||
| 245 | 1 | 4 | |a The role of terrestrial and aquatic organisms in decomposition processes |
| 260 | |a Oxford |b Blackwell Scientific |c 1976 | ||
| 300 | |a 474 p | ||
| 583 | |a last modification |c 19960502 00:00:00 |k Rodrigo Vera | ||
| 650 | 0 | 0 | |a Ecología |9 258124 |
| 650 | 0 | 0 | |a Ecosistemas acuáticos |9 343699 |
| 650 | 0 | 0 | |a Medio ambiente |9 257625 |
| 650 | 0 | 7 | |a SUELO |2 CL-VaPUC |9 348469 |
| 650 | 0 | 7 | |a DEGRADACION |2 CL-VaPUC |9 358038 |
| 650 | 0 | 7 | |a HABITAT |2 CL-VaPUC |9 267395 |
| 650 | 0 | 0 | |a Ecosistemas marinos |9 343701 |
| 650 | 0 | 0 | |a Invertebrados |9 261302 |
| 650 | 0 | 0 | |a Agua dulce |9 338535 |
| 942 | |c BK | ||
| 945 | |a rleighto |d 19960502 00:00:00 | ||
| 546 | |a En Inglés | ||
| 518 | |p British ecological society, 17, Ulster, 15 18 April 1975 | ||
| 999 | |c 382592 |d 382590 | ||
| 952 | |0 0 |1 0 |4 0 |6 577_000000000000000_AND_1976 |7 0 |8 A |9 504372 |a BIBCUR |b BIBCUR |d 2020-01-23 |i 319700K |o 577 AND 1976 |p 319700K |r 2025-04-22 |w 2020-01-23 |y BK |k BCB | ||